| 000 | 00682nam a2200229 a 4500 | ||
|---|---|---|---|
| 001 | 000018851 | ||
| 005 | 20200929165852.0 | ||
| 008 | 100519s1973 sp r 000 f spa d | ||
| 020 | _a8472730476 | ||
| 040 |
_aDO-SdBNP _bspa _cBNPHU |
||
| 082 |
_a823.8 _bW671n |
||
| 100 | 1 |
_aWilde, Oscar, _d1854-1900 _913294 |
|
| 245 | 1 | 0 |
_aOscar Wilde : _bnovela, teatro, ensayo / _cOscar Wilde ; traducción Julio Gómez. |
| 260 |
_aMadrid : _bGiner, _c1973. |
||
| 300 |
_a443 p. ; _c22 cm. |
||
| 490 | 1 | _aClásicos Giner | |
| 650 | 4 |
_aNovela inglesa _91071 |
|
| 650 | 4 |
_aLiteratura inglesa _9498 |
|
| 700 | 1 |
_aGómez, Julio, _etr. _940619 |
|
| 830 | 0 |
_aClásicos Giner _913829 |
|
| 049 | _aBNGR | ||
| 999 |
_c18371 _d18371 |
||